| 000 | 00620nam a22001817a 4500 | ||
|---|---|---|---|
| 005 | 20231025071731.0 | ||
| 008 | 231025b |||||||| |||| 00| 0 eng d | ||
| 020 | _a9780702179334 | ||
| 041 | _aEnglish | ||
| 082 | _a347.1 HER | ||
| 100 |
_aCilliers AC, Loots C and Nel HC _lEnglish |
||
| 245 |
_aThe Civil Practice of the High Courts and the Supreme Court of Appeal South Africa / _cAC Cilliers, C Loots and HC Nel |
||
| 250 | _aFifth Edition | ||
| 260 |
_aCape Town : _bJuta & Co, Ltd, _c2009 |
||
| 300 |
_bviii, 1953 pages ; _c26,4 cm. |
||
| 650 |
_aLegal practice _bLaw |
||
| 942 |
_cBK _6ALISON_BN_VRIES |
||
| 999 |
_c38 _d38 |
||